Disney Movies by Picture - Statistics

General Stats
  • This quiz has been taken 2,530 times
  • The average score is 19 of 22
Answer Stats
Picture Answer % Correct
Cars
98%
Frozen
98%
Cinderella
97%
Toy Story
97%
Snow White And The Seven Dwarves
96%
Beauty And The Beast
95%
The Little Mermaid
95%
Up
95%
Finding Nemo
94%
Winnie The Pooh
93%
Alice In Wonderland
91%
Peter Pan
89%
Pocahontas
86%
Coco
85%
Sleeping Beauty
85%
Mary Poppins
83%
Mulan
81%
Monsters Inc.
80%
The Jungle Book
80%
Pirates Of The Caribbean
77%
Pinocchio
70%
Big Hero Six
51%
No matching quizzes found
Score Distribution
Percent of People with Each Score
Percentile by Number Answered
Your Score History
You have not taken this quiz